Current Executive Committee Quiz Stats

 Plays Quiz not verified by Sporcle

Support Sporcle.
Go Orange.
Score 0/10 Timer 10:00
0 Plays Today
hint hint % Correct
Grand RegentKali Weaver
100%
Grand Vice RegentEric Gupta
100%
Grand HistorianMatthew Lacroix
100%
Collegiate MemberJohnny Wong
100%
Grand RitualistLatha Radhakrishnan
92.9%
Editor of the MaskCameron Van Dyke
92.9%
Executive DirectorJohnny Porter
92.9%
Grand Counselor Michael Cournoyer
85.7%
Grad member at largeHarry Marcelin
78.6%
Immediate Past Grand RegentE. Ben Welch
78.6%

You're not logged in!

Compare scores with friends on all Sporcle quizzes.
OR
Log In

From the Vault

Bordering the Commonwealth

by RobPro

These countries have more than just borders in 'common'.
Remove Ads.
Support Sporcle.
Get the best of Sporcle when you Go Orange. This ad-free experience offers more features, more stats, and more fun while also helping to support Sporcle. Thank you for becoming a member.

Show Comments

Extras

Created Feb 26, 2012ReportNominate
Tags:committee, Executive

Top Quizzes Today


Score Distribution

Your Account Isn't Verified!

In order to create a playlist on Sporcle, you need to verify the email address you used during registration. Go to your Sporcle Settings to finish the process.

Report this User

Report this user for behavior that violates our Community Guidelines.

Details: